00490nam a2200145Ia 4500003000400000005001700004008004100021040002900062050002300091100000900114245016800123260003000291300000800321650001500329OSt20230804121653.0230222s9999||||xx |||||||||||||| ||und|| cChuka University Library aHV 936 b.K4 2009  aKACC 4aThe problem of corruption on Kenyan roads: A case for policy, legal and administrative action on traffic management in Kenya policy paper series (PPS)PPS/1/2008/09 aKACCbNairobi,kenyac2009 a54p aCorruption